MARC

LEADER 00000nam0a2200000 4500
001 286740
005 20231101235924.0
020 |a RU  |b 85-60087 
035 |a (RuTPU)RU\TPU\book\311083 
090 |a 286740 
100 |a 20150310d1985 k y0rusy5003 ca 
101 0 |a rus 
102 |a RU 
105 |a a z 000zy 
200 1 |a Очистка сточных вод и обработка осадков замкнутых систем водного хозяйства промышленных предприятий  |e сборник научных трудов  |f Всесоюзный комплексный научно-исследовательский и конструкторско-технологический институт водоснабжения, канализации, гидротехнических сооружений и инженерной гидрогеологии (ВНИИ ВОДГЕО) ; под ред. А. П. Нечаева 
210 |a Москва  |c Изд-во ВНИИ ВОДГЕО  |d 1985 
215 |a 114 с.  |c ил. 
225 1 |a Труды института ВОДГЕО 
606 1 |a Сточные воды  |x Очистка  |x Физико-химические основы  |x Химический способ  |2 stltpush  |3 (RuTPU)RU\TPU\subj\57144  |9 75008 
610 0 |a промышленные предприятия 
610 0 |a водное хозяйство 
610 0 |a замкнутые системы 
610 0 |a автоматические фильтры 
610 0 |a биохимическая очистка 
610 0 |a аэротенки 
610 0 |a илы 
610 0 |a исследование 
610 0 |a расчет 
675 |a 628.34  |z rus  |v 4 
702 1 |a Нечаев  |b А. П.  |g Алексей Петрович  |4 340 
712 0 2 |a Всесоюзный научно-исследовательский институт водоснабжения, канализации, гидротехнических сооружений и инженерной гидрогеологии (ВНИИводгео)  |c (Москва)  |c (1934-1991)  |2 stltpush  |3 (RuTPU)RU\TPU\col\4603 
801 0 |a RU  |b RuMRKP  |c 19950704  |g psbo 
801 1 |a RU  |b 63413507  |c 20150310 
801 2 |a RU  |b 63413507  |c 20170629  |g RCR 
942 |c BK